| 000 | 01366nam a2200361 i 4500 | ||
|---|---|---|---|
| 005 | 20220317001813.0 | ||
| 007 | ta | ||
| 008 | 210831r20162019ck a br 000 jdspa d | ||
| 020 | _a9789587054323 | ||
| 040 |
_aCO-BoRNBP _bspa _cCO-BoRNBP _erda |
||
| 041 | 1 |
_aspa _hpor |
|
| 084 | _aC MAC2 | ||
| 100 | 1 |
_aMachado, Ana María _d1941- _eautora |
|
| 245 | 1 | 3 |
_aLa abuelita aventurera _cAna María Machado ; ilustraciones de Pablo Núñez ; traducción de Manuel Barbadillo |
| 250 |
_aPrimera edición _bDécima reimpresión |
||
| 264 | 1 |
_aBogotá _bEdiciones SM _c2016 _c2019 |
|
| 300 |
_a61 páginas _bilustraciones _c19 cm |
||
| 336 |
_atexto _btxt _2rdacontent |
||
| 337 |
_asin mediación _bn _2rdamedia |
||
| 338 |
_avolumen _bnc _2rdacarrier |
||
| 490 |
_aEl barco de vapor. Primeros lectores _v45M |
||
| 521 | _aRecomendado para un público infantil mayor de 6 años | ||
| 534 | _tA velhinha maluquete | ||
| 545 | _aIncluye datos biográficos del autor en la contracarátula | ||
| 650 | 1 | 7 |
_aCuentos infantiles brasileños _ySiglo XX _2LEMB |
| 650 | 1 | 7 |
_aLiteratura infantil brasileña _ySiglo XX _2LEMB |
| 650 | 1 | 7 |
_aAutores brasileños _ySiglo XX _2LEMB |
| 650 | 1 | 7 |
_aAventuras _vCuentos _2LEMB |
| 650 | 1 | 7 |
_aAbuelos _vCuentos _2LEMB |
| 700 | 1 |
_aNúñez, Pablo _eIlustrador _9186606 |
|
| 700 | 1 |
_aBarbadillo, Manuel _etraductor _9186607 |
|
| 942 |
_2loc _cBKLIT |
||
| 999 |
_c8152 _d8152 |
||